000 00450nam a2200157Ia 4500
999 _c4882
_d4882
003 OSt
005 20200118094227.0
008 190216s9999||||xx |||||||||||||| ||und||
040 _coclc
082 _a658
_bPAG/P
100 _a Pagare, Dinkar
_91263
245 0 _aPrinciples Of Management /
_cDinkar Pagare
260 _bSulthan Chand And Sons,
_c1981.
_aNew Delhi:
300 _a523p
942 _cBK
_2ddc
_h658
_iPAG/P
_k658
_mPAG/P